Estatísticas para Bandeiras das capitais brasileiras

Clique aqui para jogar o quiz

Estatísticas Gerais

  • Esse quiz foi jogado 118 vezes
  • A pontuação média é 13 de 27

Estatísticas das Respostas

Resposta% Correto
Brasília
81%
Natal
80%
São Paulo
80%
Rio de Janeiro
78%
Belo Horizonte
72%
Curitiba
58%
Recife
56%
Rio Branco
56%
Porto Alegre
52%
Salvador
50%
Cuiabá
48%
Fortaleza
48%
Teresina
48%
Vitória
44%
Maceió
42%
Aracaju
39%
Palmas
39%
Goiânia
34%
Florianópolis
33%
João Pessoa
31%
Belém
30%
Manaus
28%
Porto Velho
28%
Boa Vista
27%
Campo Grande
25%
Macapá
23%
São Luís
23%

Distribuição das Pontuações

Percentil de Números Respondidos

Porcentagem de Pessoas com Cada Pontuação

Sua Pontuação Histórica

Você não jogou esse quiz